000 00609nam a22002297a 4500
003 UA-OsUOA
001 65054
007 ta
008 20091112b un ||||| |||| 00| 0 ukr d
100 _aРозторгуєва Н.
090 _a821.161.2
_bР65
942 _cBK
040 _aUA-OsUOA
_bukr
_cUA-OsUOA
_dUA-OsUOA
245 _aЩоденник долі
_bПовісті. Оповідка
300 _a175 с.
955 _a3
041 _aukr
080 _a821.161.2
260 _aСуми
_c2007
650 7 _a82 Література. Літературознавство
_2UDC
999 _c351167
_d351167